Statistics for Ligue 1 Most Efficient Goalkeeper Per Year

Click here to take the quiz!

General Stats

  • This quiz has been taken 17 times
  • The average score is 9 of 21

Answer Stats

Season Goalkeeper Team Save% % Correct
2009-10Hugo LlorisLyon78,1
88%
2004-05Grégory CoupetLyon84,7
69%
2015-16Kevin TrappParis SG81,2
69%
2014-15Danijel SubašićMonaco76,4
63%
2012-13Salvatore SiriguParis SG83,7
63%
2018-19Walter BenítezNice80,9
44%
2019-20Predrag RajkovićReims79,8
38%
2017-18Régis GurtnerAmiens79,2
38%
2016-17Yoan CardinaleNice79,9
38%
2010-11Stéphane RuffierMonaco77,4
38%
2001-02Lionel LetiziParis SG83,9
31%
2013-14David OspinaNice80,2
25%
2011-12Steeve ElanaBrest78,3
19%
2006-07Simon PouplinRennes80,8
13%
2000-01Grégory WimbéeLille83,3
13%
2005-06Damien GregoriniNice84,0
6%
2008-09Nicolas DouchezRennes79,5
6%

Score Distribution

Percentile by Number Answered

Percent of People with Each Score

Your Score History

You have not taken this quiz